| 000 | 00393nam a2200145Ia 4500 | ||
|---|---|---|---|
| 008 | 220803s9999 xx 000 0 und d | ||
| 020 | _a0-8247-0605-6 | ||
| 041 | _aeng | ||
| 082 | _a720.22 GAR | ||
| 100 |
_aGarson D G _922506 |
||
| 245 | _aGuide To Writing Empirical Papers Theses And Dissertations | ||
| 260 |
_aNew York _bMarcel Dekker _c2002 |
||
| 300 | _a350p | ||
| 650 |
_aResearch _922507 |
||
| 999 |
_c14593 _d14593 |
||